|
|
|
|
| LEADER |
02145nam a2200517 a 4500 |
| 001 |
000757148 |
| 003 |
CZ BrMZK |
| 005 |
20091016102317.0 |
| 007 |
ta |
| 008 |
041222s2004 xr a frp 000 0 cze d |
| 015 |
|
|
|a cnb001494363
|
| 020 |
|
|
|a 80-245-0781-1
|q (brož.) :
|c Kč 94,00
|
| 035 |
|
|
|a (OCoLC)53266460
|
| 040 |
|
|
|a BOA001
|b cze
|
| 043 |
|
|
|a e-xr---
|a e------
|
| 072 |
|
7 |
|a 658
|x Řízení a správa podniku
|2 Konspekt
|9 4
|
| 072 |
|
7 |
|a 37.016
|x Učební osnovy. Vyučovací předměty. Učebnice
|2 Konspekt
|9 22
|
| 080 |
|
|
|a 334.012.63/.64
|2 MRF
|
| 080 |
|
|
|a 658
|2 MRF
|
| 080 |
|
|
|a 658.114
|2 MRF
|
| 080 |
|
|
|a (437.3)
|2 MRF
|
| 080 |
|
|
|a (4)
|2 MRF
|
| 080 |
|
|
|a (075.8)
|2 MRF
|
| 100 |
1 |
|
|a Vojík, Vladimír,
|d 1944-
|7 xx0005661
|4 aut
|
| 245 |
1 |
0 |
|a Vybrané kapitoly z managementu malých a středních podniků /
|c Vladimír Vojík
|
| 250 |
|
|
|a Vyd. 2., přeprac.
|
| 260 |
|
|
|a Praha :
|b Oeconomica,
|c 2004
|
| 300 |
|
|
|a 112 s. :
|b il. ;
|c 30 cm
|
| 500 |
|
|
|a Nad názvem: Vysoká škola ekonomická v Praze. Fakulta podnikohospodářská
|
| 500 |
|
|
|a 100 výt.
|
| 504 |
|
|
|a Obsahuje bibliografii
|
| 521 |
8 |
|
|a Určeno pro studium na VŠE Praha
|
| 500 |
|
|
|a Dostupné též v digitální podobě v aplikaci Kramerius
|
| 650 |
0 |
7 |
|a malé a střední podniky
|7 ph115211
|2 czenas
|
| 650 |
0 |
7 |
|a podnikový management
|7 ph115763
|z Česko
|2 czenas
|
| 650 |
0 |
7 |
|a podnikový management
|7 ph115763
|z země Evropské unie
|2 czenas
|
| 650 |
0 |
7 |
|a podnikání
|7 ph115766
|z Česko
|2 czenas
|
| 650 |
0 |
7 |
|a podnikání
|7 ph115766
|z země Evropské unie
|2 czenas
|
| 655 |
|
7 |
|a učebnice vysokých škol
|7 fd133772
|2 czenas
|
| 710 |
2 |
|
|a Vysoká škola ekonomická v Praze.
|b Podnikohospodářská fakulta
|7 kn20010709402
|
| 856 |
4 |
1 |
|u http://www.digitalniknihovna.cz/mzk/uuid/uuid:3b1dfd20-ffb6-11e5-845a-005056827e51
|y Digitalizovaný dokument
|x NDK
|
| 910 |
|
|
|a BOA001
|b 3-1144.658
|
| 990 |
|
|
|a BK
|
| 991 |
|
|
|b 200501
|c NOV
|
| 996 |
6 |
|
|b 2610237027
|c 3-1144.658
|l MZK
|r Sklad / do 1 hodiny
|n 1
|p p.v.
|w 000757148
|u 000010
|a 1
|e BOA001
|j MZK50
|s P
|
| 996 |
7 |
|
|b 2610242091
|c 3-1144.658
|l MZK
|r Sklad / do 1 hodiny
|n 27
|p kup
|w 000757148
|u 000020
|a 1
|e BOA001
|j MZK50
|s A
|